000 00454nam a2200145 i 4500
001 89842
003 ES-MaACL
007 t|
008 050114s1942 sp ||||1| spa d
100 1 _aLasterra, Crisanto de.
_970491
245 1 3 _aEl sentido clásico en el Greco, seguido de El milagro de las formas /
_cCrisanto de Lasterra.
260 _aMadrid :
_bEspasa-Calpe,
_c1942.
300 _a139 p., 8 lám. ;
_c20 cm.
852 _aES-MaACL
_jB-9837
_bR.19526
999 _c89842
_d89842